Vista normal
Vista MARC
Entrada Topical Term
Número de registros utilizados en: 2
001 - CONTROL NUMBER
- control field: 68398
003 - CONTROL NUMBER IDENTIFIER
- control field: OSt
005 - DATE AND TIME OF LATEST TRANSACTION
- control field: 20260127164237.0
008 - FIXED-LENGTH DATA ELEMENTS
- fixed length control field: 260127|| aca||aabn | a|a d
040 ## - CATALOGING SOURCE
- Original cataloging agency: OSt
- Transcribing agency: OSt
150 ## - HEADING--TOPICAL TERM
- Topical term or geographic name entry element: Miedo
- General subdivision: Literatura juvenil
670 ## - SOURCE DATA FOUND
- Source citation: Work cat.: (OSt)60349: Michelena, Corina 68396, El libro de los miedos /